000 00603nam a2200193Ia 4500
003 GCL
008 140319s9999 xx 000 0 ara d
040 _aGCL /
_cGCL
082 0 4 _a811.008
_bت د
100 1 _aمحمود سامى البارودى
245 1 0 _aديوان السرى الرخاء /
_cمحمود سامى البارودى
700 1 _aمحمود تيمور
700 1 _aاحمد تيمور
490 _aكتاب
_v0
650 0 4 _aالادب العربى
650 0 4 _aالشعر العربى - دواوين وقصائد
650 0 4 _aالسرى بن احمد
942 _2ddc
_cBK
999 _c41579
_d41579